[Event "IIFL Wealth 4th Mumbai GM"]
[Site "Mumbai"]
[Date "2018.12.30"]
[Round "1"]
[White "Rozum, Ivan"]
[Black "Prraneeth Vuppala"]
[Result "1/2-1/2"]
[WhiteElo "2589"]
[BlackElo "2228"]
[Annotator "TA"]
[PlyCount "91"]
[EventDate "2018.12.30"]
[EventType "swiss"]
[EventCountry "IND"]
[SourceTitle "playchess.com"]
[Source "ChessBase"]
[SourceQuality "1"]

{[%evp 21,91,18,8,0,40,11,50,32,48,22,15,-10,-6,-18,-22,-37,-44,-127,-119,-120,-104,-123,-122,-125,-56,-204,-172,-311,-294,-320,-282,-241,-116,-132,-122,-147,-125,-130,-91,-122,-91,-91,-88,-91,-83,-89,-83,-77,-42,-33,-23,-22,-23,-35,-2,-2,-3,-34,-2,-8,-8,-8,-8,-35,-35,-35,-35,-35,-35,-37,-35,-35]} 1. Nf3 d5 2. g3 c6 3. Bg2 Bg4 4. c4 e6 5. cxd5 exd5 6. O-O Nd7 7. d3 Ngf6 8. h3 {A11: English Opening: 1...c6} Bh5 9. Qc2 (9. Nc3 Be7 10. e4 O-O 11. exd5 Nxd5 12. Nxd5 cxd5 13. Be3 Bc5 14. d4 Bd6 15. Rc1 Re8 16. Re1 Nb6 17. g4 Bg6 18. Ne5 Be4 19. Qb3 Bxg2 20. Kxg2 h5 {0-1 (56) Meier,G (2650)-Karjakin,S (2760) Riadh 2017}) 9... Bd6 10. e4 O-O 11. Nc3 Re8 {LiveBook: 12 Games} 12. Be3 Rc8 $146 ({Predecessor:} 12... Bc5 13. Bf4 Nf8 14. Na4 Be7 15. Nc3 Bc5 16. exd5 cxd5 17. Bg5 Be7 {1-0 (61) Markowski,T (2587)-Pedersen,N (2508) Istanbul 2003}) 13. Rfe1 Bb8 14. exd5 cxd5 15. Nd4 Bg6 16. Qd2 Ne5 17. Bf1 Qb6 {Hoping for ...Qxd4!} 18. f4 {[#]} Qxd4 $1 {[%mdl 512]} 19. Qf2 ({Better is} 19. Bxd4 $15 Nf3+ {[%mdl 64] Double Attack, Discovered Attack} 20. Kf2 Nxd2 21. Rxe8+ Nxe8 22. Be2) 19... Qb4 $17 ({Reject} 19... Nxd3 $6 20. Bxd4 Nxf2 21. Bxf2 $15) 20. fxe5 Rxe5 21. a3 Qa5 22. Bd4 Rg5 (22... Re6 $17 {Threatens to win with ...Nh5.} 23. Rac1 Rf8) 23. g4 {[#]} (23. Re3 $1 $15) 23... h5 $1 $19 {[%cal Rh5g4]} 24. Bxf6 (24. Qh4 {was worth a try.} Qc7 25. Re2) 24... gxf6 25. Qxf6 {[#]} Qc7 $1 {[%csl Gb8][%cal Rc7h2][%mdl 512]} 26. Re2 Qf4 (26... Qg3+ $19 {has better winning chances.} 27. Bg2 Bf4) 27. Qxf4 $17 Bxf4 28. Kf2 hxg4 29. hxg4 d4 30. Ne4 Be3+ 31. Kf3 Bxe4+ 32. dxe4 Rc6 {And now ...Rf6+ would win.} 33. Rg2 Rf6+ 34. Ke2 Rf4 35. Kd3 Rgxg4 36. Rxg4+ Rxg4 $15 {[%mdl 4096] Endgame KRB-KRB} 37. Be2 Rg1 (37... Rg3 {is more complex.} 38. a4 f6 39. Rh1 Kg7 40. Kc4 Rg2) 38. Rxg1+ Bxg1 $11 {KB-KB} 39. Bg4 Kf8 40. Bc8 b6 41. Ba6 Ke7 42. Bc4 f6 {Black is slightly better.} 43. a4 Kd6 44. b3 Kc5 45. Bf7 a6 46. Be6 {Accuracy: White = 23%, Black = 47%.} 1/2-1/2

[Event "IIFL Wealth 4th Mumbai GM"]
[Site "Mumbai"]
[Date "2018.12.30"]
[Round "1"]
[White "Chanda, Sandipan"]
[Black "Mahalakshmi D M"]
[Result "1-0"]
[WhiteElo "2555"]
[BlackElo "1145"]
[Annotator "TA"]
[PlyCount "81"]
[EventDate "2018.12.30"]
[EventType "swiss"]
[EventCountry "IND"]
[SourceTitle "playchess.com"]
[Source "ChessBase"]
[SourceQuality "1"]

{[%evp 20,81,0,0,54,45,45,31,42,39,77,50,85,66,121,63,72,57,52,63,64,62,100,107,269,241,347,328,316,237,231,221,277,252,252,250,281,281,277,272,263,273,281,281,321,320,331,295,321,308,314,298,304,319,302,281,387,435,447,437,462,456,837,809]} 1. d4 Nf6 2. c4 e6 3. Nc3 Bb4 4. e3 O-O 5. Bd2 d5 6. Nf3 b6 7. cxd5 exd5 8. Rc1 {E51: Nimzo-Indian: Rubinstein: 4...0-0 5 Nf3 d5} (8. Bd3 Bb7 9. O-O Re8 10. Rc1 Bf8 11. Ne5 c5 12. f4 Nc6 13. Bb5 Rc8 14. Be1 cxd4 15. exd4 a6 16. Nxc6 Bxc6 17. Bxa6 {0-1 (45) Riazantsev,A (2671)-Wojtaszek,R (2749) Doha 2016}) 8... Bb7 9. Bd3 Be7 10. O-O c5 11. Ne5 {LiveBook: 9 Games} c4 $146 (11... Nc6 $11) ({Predecessor:} 11... Nc6 12. Be1 cxd4 13. Nxc6 Bxc6 14. Ne2 Bb7 15. Nxd4 {½-½ (56) Aczel,G (2553)-Kantor,G (2506) Budapest 2017}) 12. Bb1 $14 a6 13. f4 b5 14. Qf3 Nbd7 15. Qh3 {Nxd7 is the strong threat.} h6 16. Be1 {[%cal Bd2e1,Be1h4,Bh4e7][%mdl 32]} Nxe5 ({Better is} 16... Qe8 $14) 17. fxe5 (17. dxe5 $16 Ne4 18. Rd1) 17... Ne4 18. Nxe4 dxe4 19. Rf4 Bg5 20. Bh4 Bc8 21. Qg3 Bxf4 $2 (21... Be6 $16) 22. Qxf4 $18 Qb6 (22... g5 $142) 23. Qxe4 {[%csl Gb1][%cal Re4h7]} g6 24. Qf4 ({And not} 24. Qxa8 Bb7 $15) 24... Kh7 25. Be7 $40 {[%mdl 128] Black is in trouble.} Be6 26. Bxf8 Rxf8 27. h4 h5 28. Qg5 Qd8 29. Qxh5+ Kg7 30. Qg5 Qxg5 31. hxg5 {[%mdl 4096] Endgame KRB-KRB} Rh8 32. Be4 Rh5 33. Bb7 Rxg5 34. Bxa6 Bd5 35. Rc2 ({Less strong is} 35. Bxb5 Rxg2+ 36. Kf1 Rh2 $18) 35... Bc6 {[#]} 36. a4 $1 Be4 (36... bxa4 37. Bxc4) 37. Rf2 bxa4 38. Bxc4 Bf5 {[#]White is clearly winning.} 39. e4 $1 Be6 (39... Bxe4 40. Rxf7+) 40. d5 {[%cal Bd4d5,Bd5d6][%mdl 32]} Bd7 (40... Rxe5 $142 41. dxe6 fxe6) 41. d6 {Accuracy: White = 88%, Black = 39%.} 1-0

[Event "IIFL Wealth 4th Mumbai GM"]
[Site "Mumbai"]
[Date "2018.12.30"]
[Round "1"]
[White "Puranik, Abhimanyu"]
[Black "Kurbonboeva, Sarvinoz"]
[Result "1/2-1/2"]
[WhiteElo "2544"]
[BlackElo "2214"]
[Annotator "TA"]
[PlyCount "189"]
[EventDate "2018.12.30"]
[EventType "swiss"]
[EventCountry "IND"]
[SourceTitle "playchess.com"]
[Source "ChessBase"]
[SourceQuality "1"]

{[%evp 13,189,-18,-7,-22,-31,-11,-23,-34,0,0,26,29,25,33,27,29,33,8,26,18,8,0,23,23,23,24,22,21,18,20,31,9,29,16,18,9,4,0,0,0,0,0,0,0,0,0,0,0,0,0,0,0,0,0,14,14,42,46,37,35,105,96,92,92,92,89,92,92,112,117,119,105,105,106,108,110,123,98,97,97,106,0,99,63,67,66,66,68,79,94,108,79,84,12,47,13,13,10,10,8,8,0,14,17,25,29,111,116,674,276,380,368,353,356,918,918,806,722,699,699,633,56,416,65,56,15,29,8,8,8,22,0,0,0,0,0,0,0,0,0,0,0,8,8,8,8,10,0,0,0,0,0,0,0,9,0,12,12,12,12,27,40,32,0,18,8,20,8,8,0,53,0,0,0,0,0,0,0]} 1. b3 Nf6 2. Bb2 g6 3. c4 Bg7 4. Nf3 O-O 5. g3 c5 6. Bg2 Nc6 7. d4 {A30: Symmetrical English: Double Fianchetto and Hedgehog} (7. O-O d6 8. d4 cxd4 9. Nxd4 Bd7 10. Nc3 Nxd4 11. Qxd4 Bc6 12. Qd3 Bxg2 13. Kxg2 Qa5 14. Rac1 a6 15. a4 Rac8 16. e4 Qb4 17. Na2 Qa5 18. Bc3 Qc5 19. Nb4 Nxe4 20. Qxe4 Bxc3 {1-0 (37) Svidler,P (2765)-Kokarev,D (2615) Riadh 2017}) 7... d5 {LiveBook: 5 Games} 8. Nbd2 cxd4 9. Nxd4 {Black is slightly better.} Nxd4 10. Bxd4 dxc4 $146 ({Predecessor:} 10... Be6 11. O-O Rc8 12. Rc1 b6 13. e3 Qd7 14. Qe2 Rfd8 {0-1 (41) Pavlov,S (2459)-Kruglyakov,P (2242) Kiev 2005}) 11. Nxc4 Ng4 12. Bxg7 Qxd1+ 13. Rxd1 Kxg7 14. O-O Rb8 15. Rd4 b6 16. h3 Nf6 17. Ne5 (17. f4 {looks sharper.} Be6 18. Rfd1 Rfc8 19. e4 Ne8 20. Bf1) 17... Bb7 (17... Be6 {with more complications.} 18. Nc6 Rb7 19. b4 Rc8 20. b5 Rd7) 18. Bxb7 Rxb7 19. Rc1 Rfb8 20. b4 b5 21. Rc5 a6 22. e4 Ra8 23. Kg2 Ne8 24. Nd3 a5 25. e5 axb4 26. Nxb4 Ra4 27. a3 Rxa3 28. Rc8 Nc7 29. Rd7 Raa7 $1 30. Rxe7 Ne6 31. Ree8 Rc7 32. Rg8+ Kh6 33. Rce8 Re7 34. Rb8 $36 {[%mdl 2048] White has some pressure.} Reb7 (34... Nd4 {seems wilder.} 35. Nd5 Rxe5 36. Nf6 Re2 37. h4 Re6) 35. Nd5 Rxb8 36. Rxb8 $14 {[%mdl 4096] Endgame KRN-KRN} Rd7 (36... Nd4 $14) 37. Nf6 $16 Rd8 38. Rxb5 Kg7 39. Ne4 Rd7 40. Nd6 Kf8 41. Rb8+ Nd8 42. Ne4 Rd4 43. Nf6 h5 44. Rc8 Kg7 45. f4 Ne6 46. Ne8+ Kh7 47. Nf6+ Kg7 48. Ra8 Rd2+ 49. Kf3 Rd3+ 50. Kf2 Rb3 51. Ne8+ Kh7 52. Ra7 Kg8 53. Nd6 (53. h4 $16) 53... Rb2+ (53... h4 $5 54. gxh4 (54. Rxf7 Rb2+ 55. Kf3 Rb3+ 56. Kg4 hxg3 $11) 54... Nxf4 $14) 54. Kf1 Rb1+ 55. Ke2 h4 56. gxh4 Nxf4+ 57. Ke3 Ng2+ 58. Kf2 Nxh4 59. Nxf7 {Black must now prevent e6.} Rb3 (59... Nf5 $11) 60. e6 {[#] And now Nh6+ would win.} Kf8 $2 {[%mdl 8192]} (60... Nf5 $16) 61. Ne5 (61. Nd6 $142 Rb2+ 62. Kf1) 61... Rc3 62. Nd7+ Ke7 63. Nc5+ $1 Ke8 $2 (63... Kf8) 64. Ne4 $18 {Intending Nf6+ and mate.} Rc2+ 65. Kg3 {White threatens Nf6+ and mate.} Nf5+ 66. Kf4 Re2 {[#]} 67. Rd7 $2 (67. h4 $1 $18 {[%mdl 512]}) 67... Kf8 $2 {[%mdl 8192]} (67... Ne7 $14) 68. h4 $2 (68. Rf7+ $18 Ke8 69. Nf6+ Kd8 70. Rd7+ Kc8 71. Ne4) 68... Ne7 $14 69. Ng5 Ke8 70. Ra7 {Hoping for Ra8+.} Nd5+ 71. Kg4 Re1 72. Rb7 Ne3+ 73. Kf4 Nd5+ 74. Kf3 Re3+ 75. Kf2 Re5 76. Kf3 Re3+ 77. Kg4 Re1 78. Rg7 Ne7 79. Rh7 Kf8 80. Rh8+ Kg7 $1 {[%cal Rg7h8]} 81. Ra8 Re2 82. Kf3 Re5 83. Kf4 Re1 84. Ra5 Kf6 85. Ne4+ Kg7 86. Ra7 Kf8 87. Ra8+ Kg7 88. Ra7 Kf8 89. Nc5 Re2 90. Rd7 Re1 91. Ne4 Ke8 ({Black should try} 91... Re2 $11) 92. Rb7 ({White should play} 92. Rd3 $14) 92... Nd5+ $11 {The position is equal.} 93. Ke5 Nc3 $1 94. Rb4 {aiming for Rc4.} Ke7 $1 95. Rb7+ {Accuracy: White = 40%, Black = 56%.} 1/2-1/2

[Event "IIFL Wealth 4th Mumbai GM"]
[Site "Mumbai"]
[Date "2018.12.30"]
[Round "1"]
[White "Mosadeghpour, Masoud"]
[Black "Samant Aditya S"]
[Result "1/2-1/2"]
[WhiteElo "2520"]
[BlackElo "2205"]
[Annotator "TA"]
[PlyCount "88"]
[EventDate "2018.12.30"]
[EventType "swiss"]
[EventCountry "IND"]
[SourceTitle "playchess.com"]
[Source "ChessBase"]
[SourceQuality "1"]

{[%evp 21,88,39,64,36,88,73,84,75,94,89,80,-12,-8,-25,-27,-27,0,2,22,29,32,20,14,0,0,0,22,17,77,21,112,68,147,0,0,0,0,0,0,0,0,0,0,0,0,0,0,0,0,0,0,-20,0,0,0,0,0,0,0,0,0,0,0,-8,-8,-8,-8,-8,-8]} 1. e4 c5 2. Nf3 d6 3. d4 cxd4 4. Nxd4 Nf6 5. Nc3 Nc6 6. Bg5 e6 7. Qd2 a6 8. Nxc6 {B66: Sicilian: Richter-Rauzer: 7...a6 8 0-0-0 h6} bxc6 9. O-O-O Be7 10. Bxf6 gxf6 11. Bc4 h5 {LiveBook: 4 Games} 12. Rhe1 Qa5 (12... Bb7 $14) 13. f4 $16 Rb8 14. Bb3 {[#]} Bd7 $146 ({Predecessor:} 14... Qc5 15. f5 e5 {0-1 (46) Debashis,D (2489)-Gupta,A (2619) Abu Dhabi 2015}) 15. Qf2 (15. Kb1 {with more complications.} h4 16. g3 hxg3 17. hxg3 Qh5 18. Qe3) 15... Qb6 16. Qxb6 (16. Qe2 $16) 16... Rxb6 $11 17. Na4 Rb8 18. c4 c5 19. Nc3 Bc6 20. Ba4 Kd7 21. Bxc6+ Kxc6 22. g3 Rbg8 23. Rg1 Bf8 24. Rd3 Rg4 {[#]} (24... h4 $11 {keeps the balance.}) 25. Ne2 (25. h3 $1 $16 {[%cal Rh3g4]} Rg7 26. Kc2) 25... Rhg8 (25... h4 $11) 26. Rgd1 e5 ({Black should try} 26... h4 $14) 27. h4 (27. h3 $16 R4g7 28. f5) 27... exf4 {The position is equal.} 28. Nxf4 Rxg3 29. Rxg3 Rxg3 30. Nxh5 {[%mdl 4096] Endgame KRB-KRN} Rh3 31. Rf1 Rxh4 32. Nxf6 Be7 33. Nd5 Rxe4 34. b3 Bg5+ 35. Kc2 {[#]} f6 $1 {[%cal Bf7f6,Bf6f5,Bf5f4][%mdl 544]} 36. Rh1 {Rh7 is the strong threat.} (36. Nxf6 Bxf6) 36... Rh4 (36... Kd7 {is interesting.} 37. Rf1 Ke6 38. Nc7+ Ke5 39. Nxa6 Re2+) 37. Rxh4 Bxh4 {KB-KN} 38. Kd3 f5 39. Ne3 f4 40. Ng2 Bg3 {White must now prevent ...d5.} 41. Ke4 a5 42. a3 {[#]} a4 $1 {[%mdl 512]} 43. bxa4 Kb6 {Threatens to win with ...Ka5.} 44. Nxf4 Ka5 {Accuracy: White = 47%, Black = 40%.} 1/2-1/2

[Event "IIFL Wealth 4th Mumbai GM"]
[Site "Mumbai"]
[Date "2018.12.30"]
[Round "1"]
[White "Saptarshi, Roy"]
[Black "Mrudul Dehankar"]
[Result "1/2-1/2"]
[WhiteElo "2494"]
[BlackElo "2199"]
[Annotator "TA"]
[PlyCount "83"]
[EventDate "2018.12.30"]
[EventType "swiss"]
[EventCountry "IND"]
[SourceTitle "playchess.com"]
[Source "ChessBase"]
[SourceQuality "1"]

{[%evp 17,83,1,6,-89,-68,-76,-63,-72,-69,-61,-61,-71,-66,-62,-60,-77,-65,-72,-71,-87,0,0,0,-45,-11,-8,52,50,33,38,69,59,118,108,94,106,221,187,177,108,219,211,347,125,120,108,114,0,0,0,0,0,0,0,0,-19,-26,-65,-74,-93,0,0,0,0,0,0,0,0]} 1. e4 e5 2. Nf3 Nc6 3. Bb5 a6 4. Ba4 Nf6 {[%cal Bg8f6,Bf6e4,Be4c5][%mdl 32]} 5. O-O b5 6. Bb3 Bb7 7. d4 Nxd4 8. Nxd4 exd4 9. e5 Ne4 {LiveBook: 49 Games} 10. Qh5 $146 {C78: Ruy Lopez: Archangelsk and Möller Defences} (10. c3 $11 {keeps the balance.}) ({Predecessor:} 10. f3 Nc5 11. Qxd4 Qe7 12. Be3 Nxb3 13. axb3 c5 14. Qf4 Qe6 15. Bf2 d5 16. b4 cxb4 17. Nd2 Be7 {½-½ (63) Timoshenko,G (2569)-Jovanic,O (2493) Cappelle-la-Grande 2012}) 10... g6 11. Qf3 {[%csl Gb3][%cal Rf3f7]} Qe7 12. Nd2 {[#]Black is slightly better.} Nc5 $1 13. Bd5 c6 14. b4 cxd5 15. bxc5 Bg7 ({Don't play} 15... Qxe5 $6 16. Bb2 $14) 16. Nb3 O-O 17. Bb2 Bxe5 18. Rae1 Qf6 (18... Rfe8 $17) 19. Qe2 $11 Bc7 20. Bxd4 (20. f4 $5) 20... Qf5 21. f4 h5 (21... f6 $11) 22. h3 $1 $14 {Hoping for g4.} h4 23. Qf2 Qh5 24. Be5 $36 {[%mdl 2048] White fights for an advantage.} Rac8 (24... Bd8 $14) 25. Bxc7 $16 Rxc7 26. Re5 f5 (26... Qh6 $16 {was necessary.}) 27. Re7 {[%mdl 1024] White has strong compensation.} Qh8 28. Rfe1 (28. Na5 $18) 28... Qf6 (28... d4 $16) 29. Nd4 $18 Rfc8 (29... Rf7 {was called for.} 30. Re8+ Rf8) 30. Nf3 $2 (30. R1e5 $18 {and White stays clearly on top.}) 30... d4 $16 {[#]} ({Wrong is} 30... Rxc5 $2 31. Ng5 $18) 31. Ng5 $1 Be4 32. Re5 (32. Rf7 $16 Qxf7 33. Nxf7 Kxf7 34. Qxd4 (34. Qxh4 Rxc5 35. Qh7+ Kf8 $16)) 32... Rxc5 $11 33. R1xe4 fxe4 34. Nxe4 Qf8 35. Nxc5 Rxc5 {[%mdl 4096] Endgame KQR-KQR} 36. Re4 Qf6 37. Kh2 Rc4 38. Qe2 d5 ({Black should try} 38... Kg7 $17 39. Re7+ Kh6 40. Rxd7 Qxf4+ 41. Kh1 Rc5) 39. Re8+ {The position is equal.} Kf7 {White must now prevent ...d3.} 40. Ra8 {White wants to mate with Qe8+.} Qxf4+ 41. Kh1 {Intending Qe8+ and mate.} Qc1+ 42. Kh2 {Accuracy: White = 62%, Black = 40%.} 1/2-1/2

[Event "IIFL Wealth 4th Mumbai GM"]
[Site "Mumbai"]
[Date "2018.12.30"]
[Round "1"]
[White "Gajek, Radoslaw"]
[Black "Senthil Maran K"]
[Result "1/2-1/2"]
[WhiteElo "2475"]
[BlackElo "2197"]
[Annotator "TA"]
[PlyCount "83"]
[EventDate "2018.12.30"]
[EventType "swiss"]
[EventCountry "IND"]
[SourceTitle "playchess.com"]
[Source "ChessBase"]
[SourceQuality "1"]

{[%evp 11,83,-5,92,92,62,75,264,249,243,245,302,202,189,175,179,183,209,61,60,67,67,67,65,67,61,61,55,55,88,79,115,113,122,121,129,114,108,112,110,106,118,96,94,101,106,0,0,-22,-35,-35,0,-12,0,0,0,0,0,0,0,0,0,-8,-8,0,0,0,0,0,0,0,0,0,0,0]} 1. c4 c6 2. Nf3 d5 3. g3 dxc4 4. Bg2 b5 5. a4 (5. O-O e6 6. d3 cxd3 7. Ne5 Bb7 8. Nxd3 Nf6 9. Nd2 Be7 10. Nb3 Nbd7 11. Bd2 a5 12. Rc1 Nd5 {½-½ (42) Bocharov,D (2593)-Lintchevski,D (2517) Khanty-Mansiysk 2016}) 5... Bb7 6. b3 {A11: English Opening: 1...c6} cxb3 {LiveBook: 4 Games} (6... b4 $1 $11 {remains equal.}) 7. axb5 $16 cxb5 8. Qxb3 {White is slightly better.} Qd5 $2 (8... e6 $16 {keeps fighting.}) 9. Qxd5 $146 ({Predecessor:} 9. Qb2 a6 10. O-O Nf6 11. Nc3 Qd8 {1-0 (36) Barbosa,O (2413)-Shanmugam,R (2151) Phu Quoc 2007}) 9... Bxd5 10. Nc3 Nf6 11. Nxd5 Nxd5 12. Nd4 {[%mdl 64] [#] Discovered Attack} e6 13. Nxb5 Kd7 14. Rxa7+ (14. Nc3 $18) 14... Rxa7 $14 15. Nxa7 Bc5 16. Nb5 Nc6 17. O-O $36 {[%mdl 2048] White is more active.} Rb8 18. Nc3 Nxc3 19. dxc3 Kc7 20. Rd1 e5 21. Be4 h6 22. Rd5 Bd6 23. Be3 f5 24. Bd3 ({Much weaker is} 24. Bxf5 $6 Ne7 $11) 24... g5 25. f3 Rb3 26. Bd2 Rb2 27. Bc1 ({Much worse is} 27. Bxf5 $6 Ne7 $11) 27... Rb3 28. c4 ({Don't play} 28. Bxf5 $6 Ne7 $11) (28. Kg2 $16) 28... Nb4 $11 29. Bxf5 {Hoping for Ra5.} Nxd5 30. cxd5 {[%mdl 4096] Endgame KRB-KB} Bc5+ 31. Kg2 {The position is equal.} Kd6 32. h4 gxh4 33. gxh4 Be3 34. Bxe3 Rxe3 {KR-KB} 35. Bd3 {Kf2 is the strong threat.} Kxd5 36. Kf2 Kd4 37. h5 {[#]} e4 $1 {[%mdl 512]} 38. Bxe4 Ra3 39. Bg6 Ke5 40. e3 Kf6 41. f4 Rc3 42. Kf3 {Accuracy: White = 56%, Black = 65%.} 1/2-1/2

[Event "IIFL Wealth 4th Mumbai GM"]
[Site "Mumbai"]
[Date "2018.12.30"]
[Round "1"]
[White "Gukesh D"]
[Black "Divya Deshmukh"]
[Result "1-0"]
[WhiteElo "2466"]
[BlackElo "2190"]
[Annotator "TA"]
[PlyCount "159"]
[EventDate "2018.12.30"]
[EventType "swiss"]
[EventCountry "IND"]
[SourceTitle "playchess.com"]
[Source "ChessBase"]
[SourceQuality "1"]

{[%evp 20,159,56,65,56,51,42,58,69,27,28,25,38,0,52,45,51,18,17,19,18,7,27,10,27,18,23,12,48,13,14,7,5,7,6,0,0,10,12,0,0,0,0,0,0,0,0,-16,-37,-113,-33,-45,0,-67,0,0,0,0,0,-24,0,0,0,0,0,0,0,0,0,0,0,0,40,40,46,46,46,46,46,40,43,40,40,40,40,21,21,21,21,21,27,27,28,28,28,16,19,15,44,59,5695,5691,5606,5512,2633,2412,5612,5609,29970,29943,29964,29965,29965,29966,29967,29969,29968,29970,29970,29971,29971,29972,29972,29973,29973,29974,29974,29975,29975,29976,29976,29977,29977,29978,29983,29979,29979,29980,29984,29985,29986,29987]} 1. Nf3 Nf6 2. g3 d5 3. Bg2 Bf5 4. O-O e6 5. d3 h6 6. c4 c6 7. cxd5 exd5 8. Nc3 Be7 9. Nd4 {A11: English Opening: 1...c6} Bg6 (9... Bh7 10. e4 O-O 11. Re1 Na6 12. e5 Nd7 13. Bh3 Kh8 14. a3 Nac5 15. Bf5 a5 16. Bxh7 Kxh7 {1-0 (41) Karthikeyan,M (2578)-Deepan Chakkravarthy,J (2477) Patna 2017}) 10. e4 dxe4 11. dxe4 {[%cal Bd3e4,Be4e5][%mdl 32] LiveBook: 3 Games. White is slightly better.} O-O 12. e5 Nd5 $146 ({Predecessor:} 12... Nfd7 13. f4 Bc5 14. Na4 Bh5 15. Qd2 Na6 16. Nxc5 Ndxc5 {1-0 (25) Carlier,B (2403)-Stephan,J (2267) France 2008}) 13. Nxd5 cxd5 14. e6 Nc6 15. exf7+ Bxf7 16. Nf5 {[#] Black must now prevent Qg4.} Bg5 (16... Be6 $11 17. Nxe7+ Qxe7) 17. Bxg5 $14 hxg5 18. Nd4 (18. Qd3 {looks sharper.} Qd7 19. Rfe1 Rad8 20. Nd4 g4 21. Nxc6 bxc6 22. b4) 18... Qf6 19. Nxc6 bxc6 20. Qd2 Rae8 21. Rac1 Kh8 22. f4 g4 23. Rf2 Re7 24. Bf1 Bg6 25. Qc3 Qxc3 26. Rxc3 Rf6 27. Re2 Rxe2 28. Bxe2 $11 {[%mdl 4096] Endgame KRB-KRB} Bf5 29. Ra3 Re6 30. Kf1 d4 31. Bd3 Bxd3+ 32. Rxd3 {KR-KR} c5 33. Rd2 Kh7 34. b3 (34. Rc2 $15) 34... Re3 (34... Kg6 $17) 35. Kf2 $1 $15 Rf3+ 36. Ke2 (36. Ke1 $1 $11) 36... a5 (36... Kg6 $1 $15) 37. Kd1 $11 Rf1+ (37... g5 {with more complications.} 38. Rc2 gxf4 39. gxf4 Rxf4 40. Rxc5 Rf1+) 38. Kc2 Rf3 39. Kb2 Rc3 40. Re2 Kg6 41. Re5 Kf6 42. Rg5 g6 43. Rxg4 Re3 44. Rg5 Re2+ 45. Kb1 d3 (45... a4 $5) 46. Rd5 Re1+ 47. Kb2 {Threatens to win with Kc3.} Re2+ $1 48. Kc3 {a4 is the strong threat.} Rxa2 49. Kxd3 (49. h3 {is more complex.} Rh2 50. Rxd3 Rxh3 51. Kc4 Rh2 52. Kxc5 Ra2 53. Rd6+) 49... Rxh2 50. Rxc5 Ra2 51. Rc6+ Kf5 52. Ra6 g5 53. fxg5 Kxg5 54. Kc4 {aiming for b4.} Ra3 $1 55. Ra8 Kf6 56. Kc3 Ra2 57. g4 Kg6 58. Re8 a4 59. b4 a3 $2 {[%mdl 8192] [#]} (59... Kf6 $14) 60. Kb3 $18 Ra1 61. Re2 Kg5 62. Ra2 Rf1 63. Kxa3 Kxg4 64. Re2 {White mates.} Rb1 65. Rf2 Kg3 66. Rf8 Kg4 67. Ka4 Ra1+ 68. Kb5 Rb1 69. Kc5 Kg5 70. b5 {[%cal Bb4b5,Bb5b6,Bb6b7][%mdl 32]} Rc1+ 71. Kb6 Rh1 72. Ka6 Ra1+ 73. Kb7 Kg6 74. b6 Rb1 75. Ka7 Ra1+ 76. Kb8 Kg7 77. Rf4 Rb1 78. b7 Rb2 79. Ra4 Rf2 80. Ka8 {Accuracy: White = 58%, Black = 47%.} 1-0

[Event "IIFL Wealth 4th Mumbai GM"]
[Site "Mumbai"]
[Date "2018.12.30"]
[Round "1"]
[White "Deviatkin, Andrei"]
[Black "Subhayan Kundu"]
[Result "1/2-1/2"]
[WhiteElo "2464"]
[BlackElo "2185"]
[Annotator "TA"]
[PlyCount "144"]
[EventDate "2018.12.30"]
[EventType "swiss"]
[EventCountry "IND"]
[SourceTitle "playchess.com"]
[Source "ChessBase"]
[SourceQuality "1"]

{[%evp 23,144,4,13,8,60,53,39,35,30,35,35,35,86,86,114,86,86,86,86,67,72,47,64,51,66,64,93,81,81,89,100,78,70,61,75,80,69,72,58,33,27,21,21,25,26,15,16,0,0,0,0,0,0,0,0,0,0,0,0,0,0,0,0,0,0,0,0,0,0,0,0,0,0,0,0,0,0,0,0,0,0,0,0,0,8,8,8,8,8,8,8,8,8,8,8,8,8,8,8,8,8,0,0,0,149,0,8,8,8,0,8,0,8,0,0,0,0,-8,8,-8,-8,-8,-8]} 1. e4 e6 2. Qe2 c5 3. g3 Nc6 4. Bg2 Be7 5. Nf3 d5 6. d3 Nf6 7. O-O O-O 8. e5 Nd7 9. c4 dxc4 10. dxc4 Qc7 {C00: French: Unusual White 2nd moves} (10... b6 11. Rd1 Qc7 12. Nc3 a6 13. Bf4 Bb7 14. Nd5 exd5 15. cxd5 Ncxe5 16. Nxe5 Bd6 17. Nc6 Bxf4 18. gxf4 {0-1 (45) Balogh,C (2632)-Fridman,D (2602) Bastia 2013}) 11. Bf4 Nd4 12. Nxd4 cxd4 {LiveBook: 4 Games} 13. h4 Rd8 ({Better is} 13... Nc5 $11) 14. Nd2 $14 a5 15. Rfd1 $146 ({Predecessor:} 15. Rac1 a4 16. Rfd1 Nc5 17. Ne4 Nxe4 18. Bxe4 {0-1 (49) Peng,S (1991)-Xiao,J (2107) Danzhou 2016}) 15... Nc5 16. Ne4 Nxe4 $1 17. Bxe4 Qb6 (17... Qc5 $14) 18. Bg5 $16 Qc5 19. Rac1 Bxg5 20. hxg5 g6 21. Bd3 b6 22. Qe4 (22. Qf3 $5 {[%cal Rf3a8]} Ba6 23. Qf4 $14) 22... Ra7 23. f3 a4 24. Rc2 Bb7 25. Qf4 Ra5 26. Re1 Qb4 27. Kf1 Ba6 28. Qh4 Qf8 29. Rh2 {[%csl Gh2][%cal Rh4h7]} Qg7 30. Kf2 Rxe5 {...Re3! is the strong threat.} 31. Rxe5 Qxe5 32. Qxh7+ Kf8 33. Qh8+ Qxh8 34. Rxh8+ Ke7 35. Rxd8 (35. Rh1 {with more complications.} Bc8 36. Rh7 Kf8 37. Ke2 e5 38. f4) 35... Kxd8 $11 {[%mdl 4096] Endgame KB-KB} 36. f4 Kc7 37. b4 axb3 38. axb3 Bb7 39. Be2 Kd6 40. Bf3 Ba6 41. Ke2 b5 42. cxb5 Bxb5+ 43. Kd2 Kc5 44. Be2 {Threatens to win with Bxb5.} Bc6 $1 45. Bd3 Bb7 46. Bc2 Ba6 47. Be4 Bb5 48. g4 Kb4 49. Bc2 Bf1 50. Bd3 Bg2 51. f5 exf5 52. gxf5 gxf5 53. Bxf5 Bf1 {[#]} 54. Be6 $1 {[%mdl 512]} Bg2 ({Avoid the trap} 54... fxe6 $2 55. g6 $18) 55. Bxf7 Be4 56. Bc4 Bg6 57. Bd5 Kc5 58. Be6 {Black must now prevent Bc4.} Kb4 59. Bc4 Kc5 60. Bd3 Bf7 61. Kc2 Kb4 $1 62. Bc4 Bg6+ 63. Kd2 (63. Bd3 $11 Bf7 64. Bc4 Bg6+ 65. Kd2) 63... Kc5 $16 {[#]} 64. Bd3 (64. Be2 $1 $16) 64... Bf7 $11 {The position is equal.} 65. Bc2 {And now g6 would win.} Kb4 66. Bd1 Bg6 67. Bc2 Bf7 $1 68. Bf5 Bxb3 69. g6 Kc5 70. g7 Kd6 71. Bc2 Bg8 72. Kd3 Ke5 {Accuracy: White = 75%, Black = 72%.} 1/2-1/2